000 00464nam a2200145Ia 4500
003 OSt
005 20260130152853.0
008 211028s2018 xx 000 0 und d
040 _cAIMIT LIBRARY
041 _aeng
100 _aMathias, Venisha Heera; Baretto, Royce.
_g1616214
_97966
245 _aStudy on employee loyality towards organization with reference to rainbow pipes private ltd Manipal /
260 _aMangalore
_bHarinakshi.
_c2018
942 _2ddc
_cPRO
999 _c219534
_d219534